00422nam a2200181Ia 4500001000900000003000500009005001700014008004100031010001100072040000900083082001400092100001900106245004000125260002200165300001000187650002000197650002300217dia_2986CHAP20251027154617.0220117s1984 xx 000 0 und d a173490 cCHAP a664.92 P4 aPearson, A. M. aProcess Meats /c by A. M. Pearson aE.U.A., AVIc1984 a417 p aCarnex empacdo aCarnex procesado